Introduction to quantum mechanics with applications to chemistry
Gespeichert in:
| Hauptverfasser: | , |
|---|---|
| Format: | Buch |
| Sprache: | Englisch |
| Veröffentlicht: |
Nueva York
McGraw-Hill
1935
|
| Schlagworte: | |
| Tags: |
Tag hinzufügen
Keine Tags, Fügen Sie den ersten Tag hinzu!
|
MARC
| LEADER | 00000nam a2200000 a 4500 | ||
|---|---|---|---|
| 001 | UCU3666 | ||
| 003 | CL-VaPUC | ||
| 008 | 960510e19350000US |||||||||||||||||eng|d | ||
| 082 | 0 | 4 | |a 530.12 |b PAU |2 21 |
| 100 | |a Pauling, Linus |e author |9 487754 | ||
| 700 | 0 | |a Wilson, E. Bright |e author |9 360750 | |
| 245 | 1 | 0 | |a Introduction to quantum mechanics with applications to chemistry |
| 300 | |a 468 p | ||
| 942 | |c BK | ||
| 945 | |d 19960510 00:00:00 |a paguirre | ||
| 260 | |a Nueva York |b McGraw-Hill |c 1935 | ||
| 650 | 0 | |a Teoría cuántica |9 266148 | |
| 650 | 0 | |a Átomos |9 259583 | |
| 650 | 7 | |a TEORIA ATOMICA |2 CL-VaPUC |9 313933 | |
| 650 | 0 | |a Moléculas |9 259584 | |
| 650 | 7 | |a FISICA NUCLEAR |2 CL-VaPUC |9 270366 | |
| 583 | |a last modification |c 19960510 00:00:00 |k Rodrigo Vera | ||
| 999 | |c 247597 |d 247595 | ||